Az elöregedő társadalom hatása az idősek munkaerő-piaci helyzetére

Elmentve itt :
Bibliográfiai részletek
Szerző: Vincze Beatrix Zsanett
További közreműködők: Tóth Vilma (Témavezető)
Dokumentumtípus: Szakdolgozat
Megjelent: 2014
Tárgyszavak:
Law
Online Access:http://diploma.bibl.u-szeged.hu/129727
LEADER 00887nta a2200217 i 4500
001 dipl129727
005 20220915180552.0
008 220915s2014 hu om 0|| hun d
040 |a SZTE Diploma Repozitórium  |b hun 
041 |a hun 
100 1 |a Vincze Beatrix Zsanett 
245 1 3 |a Az elöregedő társadalom hatása az idősek munkaerő-piaci helyzetére  |h [elektronikus dokumentum] /  |c Beatrix Zsanett Vincze 
246 1 0 |a The impact of the aging population on the situation of the elderly workers in the labor market  |h [elektronikus dokumentum] 
260 |c 2014 
650 4 |a Jogi és igazgatási tanulmányok 
650 4 |a Social sciences 
650 4 |a Law 
650 4 |a Law, criminology, penology 
650 4 |a Private, public and social law 
700 1 |a Tóth Vilma  |e ths 
856 4 0 |u https://diploma.bibl.u-szeged.hu/id/eprint/129727/1/2014_vincze_beatrix_zsanett.pdf  |z Dokumentum-elérés